| 000 | 00995nam a2200241 i 4500 | ||
|---|---|---|---|
| 001 | 64599 | ||
| 003 | ES-MaACL | ||
| 005 | 20250404164818.0 | ||
| 007 | t| | ||
| 008 | 031230s1954 sp ||||1| spa d | ||
| 100 | 1 |
_aFoote, Alexander. _951663 |
|
| 245 | 1 | 0 |
_aManual para espías / _cAlexander Foote ; [traducción directa del inglés por Pablo Uriarte]. |
| 260 |
_aBarcelona : _bA.H.R., _c1954 ( _fSimpar) |
||
| 300 |
_a260 p., 2 lám. ; _c21 cm. |
||
| 510 |
_aCCPB, _c001020335-4. |
||
| 650 | 4 |
_aGuerra mundial, 1939-1945 _xServicios secretos _9140031 _2embne |
|
| 700 | 1 |
_aUriarte, Pablo. _9112151 |
|
| 852 |
_aES-MaACL _jD-6531 _bR.36763 _bR.M.6122 _967025 _cSVI _fSello en tinta azul de la Biblioteca del Ateneo de Madrid. _gAnotación manuscrita en tinta negra: "D.M.J." |
||
| 942 |
_2udc _cMONOGRAFIA |
||
| 999 |
_c64599 _d64599 |
||